Directory of Rhodesian libraries (Record no. 40243)
[ view plain ]
| 000 -LEADER | |
|---|---|
| fixed length control field | 00654nam a2200157 a 4500 |
| 008 - FIXED-LENGTH DATA ELEMENTS--GENERAL INFORMATION | |
| fixed length control field | 161014s1969 ||||||||||||||||| || u |
| 050 ## - LIBRARY OF CONGRESS CALL NUMBER | |
| Classification number | Z 857.R5 Rho |
| 100 ## - MAIN ENTRY--PERSONAL NAME | |
| Personal name | McHarg, Alison |
| 245 10 - TITLE STATEMENT | |
| Title | Directory of Rhodesian libraries |
| Statement of responsibility, etc. | compiled and edited by Alison McHarg and Sally Phillips |
| 260 ## - PUBLICATION, DISTRIBUTION, ETC. | |
| Place of publication, distribution, etc. | Harare (Salisbury) |
| Name of publisher, distributor, etc. | National Archives of Rhodesia |
| Date of publication, distribution, etc. | 1969 |
| 300 ## - PHYSICAL DESCRIPTION | |
| Extent | 30 pages |
| 650 ## - SUBJECT ADDED ENTRY--TOPICAL TERM | |
| Topical term or geographic name entry element | LIBRARIES--AFRICA, SOUTHERN--DIRECTORIES |
| 650 ## - SUBJECT ADDED ENTRY--TOPICAL TERM | |
| Topical term or geographic name entry element | LIBRARIES--AFRICA, SUB-SAHARAN--HISTORY |
| 700 ## - ADDED ENTRY--PERSONAL NAME | |
| Personal name | Phillips, Sally |
| 995 ## - RECOMMENDATION 995 [LOCAL, UNIMARC FRANCE] | |
| -- | CBU-MAIN LIBRARY (Kitwe) |
| -- | 1 |
| -- | REFERENCE |
| -- | Oct 14, 2016 |
| -- | Reference Collection |
| Withdrawn status | Lost status | Source of classification or shelving scheme | Damaged status | Not for loan | Home library | Current library | Shelving location | Date acquired | Total Checkouts | Full call number | Barcode | Date last seen | Price effective from | Koha item type |
|---|---|---|---|---|---|---|---|---|---|---|---|---|---|---|
| CBU-MAIN LIBRARY, KITWE. | CBU-MAIN LIBRARY, KITWE. | 11/30/2022 | Z 857.R5 Rho | 021932 | 11/30/2022 | 11/30/2022 | MONOGRAPH |